000
00317nam a2200133Ia 4500
005
20260328104331.0
008
260328s9999||||xx |||||||||||||| ||und||
100
_a
Orlean, Susan
245
4
_a
The Library Book /
_c
Susan Orlean
260
_b
Simon & Schuster
300
_a
290 p.
650
_a
NOVELAS
942
_c
BK
999
_c
11727
_d
11727